Public health entomology / (Record no. 30930)

000 -LEADER
fixed length control field 01815cam a22003017a 4500
001 - CONTROL NUMBER
control field 17354976
005 - DATE AND TIME OF LATEST TRANSACTION
control field 20210209102603.0
008 - FIXED-LENGTH DATA ELEMENTS--GENERAL INFORMATION
fixed length control field 120620s2013 fluabo b 001 0 eng
010 ## - LIBRARY OF CONGRESS CONTROL NUMBER
LC control number 2012025083
020 ## - INTERNATIONAL STANDARD BOOK NUMBER
International Standard Book Number 9781439848814 (hardback : acidfree paper)
040 ## - CATALOGING SOURCE
Original cataloging agency DLC
Transcribing agency DLC
Modifying agency DLC
050 00 - LIBRARY OF CONGRESS CALL NUMBER
Classification number RA639.5.G63 2013
082 00 - DEWEY DECIMAL CLASSIFICATION NUMBER
Classification number 616.9/68
Edition number 23
100 1# - MAIN ENTRY--PERSONAL NAME
Personal name Goddard, Jerome.
245 10 - TITLE STATEMENT
Title Public health entomology /
Statement of responsibility, etc. Jerome Goddard.
260 ## - PUBLICATION, DISTRIBUTION, ETC. (IMPRINT)
Place of publication, distribution, etc. Boca Raton :
Name of publisher, distributor, etc. CRC Press,
Date of publication, distribution, etc. c2013.
300 ## - PHYSICAL DESCRIPTION
Extent xix, 210 p. :
Other physical details ill., maps ;
Dimensions 24 cm.
504 ## - BIBLIOGRAPHY, ETC. NOTE
Bibliography, etc Includes bibliographical references and index.
520 ## - SUMMARY, ETC.
Summary, etc. "Increasing problems of emerging and re-emerging infectious diseases, brought about, at least in part, by vectors fueled by increased worldwide travel and commerce, make this a highly timely book for anyone in the public practice of medical and veterinary entomology, including entomologists, public health officials, and pest control technicians and managers. Employing a reader-friendly style with bulleted texts, scenarios, and case history boxes, it targets the major vectors and pests of medical and public health importance, addresses regulatory and academic medical entomology, and discusses disease vector control with worldwide application"--
650 #0 - SUBJECT ADDED ENTRY--TOPICAL TERM
Topical term or geographic name as entry element Insects as carriers of disease.
650 #0 - SUBJECT ADDED ENTRY--TOPICAL TERM
Topical term or geographic name as entry element Entomology.
650 #7 - SUBJECT ADDED ENTRY--TOPICAL TERM
Topical term or geographic name as entry element MEDICAL / Infectious Diseases
Source of heading or term bisacsh.
650 #7 - SUBJECT ADDED ENTRY--TOPICAL TERM
Topical term or geographic name as entry element MEDICAL / Veterinary Medicine / General
Source of heading or term bisacsh.
650 #7 - SUBJECT ADDED ENTRY--TOPICAL TERM
Topical term or geographic name as entry element SCIENCE / Life Sciences / Zoology / Entomology
Source of heading or term bisacsh.
906 ## - LOCAL DATA ELEMENT F, LDF (RLIN)
a 7
b cbc
c orignew
d 1
e ecip
f 20
g y-gencatlg
942 ## - ADDED ENTRY ELEMENTS (KOHA)
Source of classification or shelving scheme
Koha item type Hard Covered Materials
Classification part RA639.5.G63 2013
Holdings
Withdrawn status Lost status Source of classification or shelving scheme Damaged status Not for loan Home library Current library Shelving location Date acquired Source of acquisition Total Checkouts Full call number Barcode Date last seen Price effective from Koha item type
          MACHAKOS UNIVERSITY LIBRARY MACHAKOS UNIVERSITY LIBRARY Open shelf 09/02/2021 Donation(educate yourself)   RA639.5.G63 2013 23599 09/02/2021 09/02/2021 Hard Covered Materials
© Machakos University Library, Along The Highway, Machakos Wote Rd, Machakos, Kenya P.O. Box 136 - 90100 Machakos - Kenya

Tel: ( +254 ) 723 805829 OR Fax : 044-20353 OR Email: library@mksu.ac.ke